书目信息 |
| 题名: |
现代工业水处理技术与应用
|
|
| 作者: | 李本高 主编 | |
| 分册: | ||
| 出版信息: | 北京 中国石化出版社 2004.6 |
|
| 页数: | 721页 | |
| 开本: | 26cm | |
| 丛书名: | ||
| 单 册: | ||
| 中图分类: | TQ085 , X703 | |
| 科图分类: | ||
| 主题词: | 工业用水--水处理 , 工业用水 , 水处理 , 废物 , 废物处理 , 废物综合利用 | |
| 电子资源: | ||
| ISBN: | 7-80164-548-0 | |
| 000 | 01076nam0 2200325 45 | |
| 001 | 012004000000 | |
| 005 | 20041026110409.59 | |
| 010 | @a7-80164-548-0@b精装@dCNY 120.00 | |
| 100 | @a20040913d2004 em y0chiy0121 ea | |
| 101 | 0 | @achi |
| 102 | @aCN@b110000 | |
| 105 | @aak z 000yy | |
| 200 | 1 | @a现代工业水处理技术与应用@Axian dai gong ye chu li ji shu yu yin yong@f李本高主编 |
| 210 | @a北京@c中国石化出版社@d2004.6 | |
| 215 | @a721页@c图, 表格@d26cm | |
| 312 | @a封面并列题名: Water treatment technology and applicatilnin modern industry | |
| 320 | @a本书末含参考文献 | |
| 330 | @a本书主要内容: 本书将水处理技术与现代化的大装置如炼油、化工、发电等结合起来编写, 根据工艺流程…… | |
| 510 | 1 | @aWater treatment technology and applicatilnin modern industry@zeng |
| 606 | 0 | @a工业用水@x水处理 |
| 606 | 0 | @a工业用水 |
| 606 | 0 | @a水处理 |
| 606 | 0 | @a废物 |
| 606 | 0 | @a废物处理 |
| 606 | 0 | @a废物综合利用 |
| 690 | @aTQ085@v4 | |
| 690 | @aX703@v3 | |
| 701 | 0 | @a李本高@Ali ben gao@4主编 |
| 801 | 0 | @aCN@bQSSKm@c20041026 |
| 905 | @a10447@dX703@eL122 | |
| 现代工业水处理技术与应用/李本高主编.-北京:中国石化出版社,2004.6 |
| 721页:图, 表格;26cm |
| ISBN 7-80164-548-0(精装):CNY 120.00 |
| 本书主要内容: 本书将水处理技术与现代化的大装置如炼油、化工、发电等结合起来编写, 根据工艺流程…… |
| ● |
| 相关链接 |
|
|
|
正题名:现代工业水处理技术与应用
索取号:X703/L122
 
预约/预借
| 序号 | 登录号 | 条形码 | 馆藏地/架位号 | 状态 | 备注 |
| 1 | 422924 | 204229245 | 自科库501/501自科库 104排2列1层/ [索取号:X703/L122] | 在馆 | |
| 2 | 422925 | 204229254 | 期刊室512/501自科库 103排1列1层/ [索取号:X703/L122] | 在馆 |